000 00596nam a2200205 i 4500
001 35902
003 ES-MaACL
005 20230906155235.0
007 t|
008 030214s1942 gw ||||1| ger d
080 _a821.112.2-31"19"
100 1 _aBrehm, Bruno.
_931561
245 1 0 _aAuf wiedersehn, Susanne /
_cpor Bruno Brehm.
260 _aLeipzig :
_bBernhard Tauchnitz,
_c1942 (
_fOscar Brandstetter)
300 _a319 p. ;
_c19 cm.
490 1 _aDer deutsche tauchnitz ;
_v13
830 0 _aDer deutsche tauchnitz ;
_v13
_9182699
852 _aES-MaACL
_jG-3239
999 _c35902
_d35902